Экспериментальное исследование компонент тензорной анализирующей способности реакции γD → PPπ-; Известия вузов. Физика; Т. 59, № 6
| Parent link: | Известия вузов. Физика: научный журнал/ Национальный исследовательский Томский государственный университет (ТГУ).— , 1957- Т. 59, № 6.— 2016.— С. 100-105 |
|---|---|
| Nhiều tác giả của công ty: | , , |
| Tác giả khác: | , , , , , , , , , , , , |
| Tóm tắt: | Заглавие с экрана Представлены результаты одновременного измерения трех компонент тензорной анализирующей способности реакции эксклюзивного фотообразования π--мезонов на дейтронах в области энергий фотонов 300- 900 МэВ и энергий протонов 50-210 МэВ. Эксперимент был выполнен с использованием внутренней тензорно-поляризованной газовой дейтериевой мишени накопителя электронов ВЭПП-3 и метода регистрации двух протонов на совпадениях. Полученные результаты измерения сравниваются с теоретическими предсказаниями. |
| Ngôn ngữ: | Tiếng Nga |
| Được phát hành: |
2016
|
| Những chủ đề: | |
| Truy cập trực tuyến: | http://elibrary.ru/item.asp?id=26454870 |
| Định dạng: | Điện tử Chương của sách |
| KOHA link: | https://koha.lib.tpu.ru/cgi-bin/koha/opac-detail.pl?biblionumber=650125 |
MARC
| LEADER | 00000naa0a2200000 4500 | ||
|---|---|---|---|
| 001 | 650125 | ||
| 005 | 20251024145145.0 | ||
| 035 | |a (RuTPU)RU\TPU\network\15320 | ||
| 090 | |a 650125 | ||
| 100 | |a 20160913d2016 k||y0rusy50 ca | ||
| 101 | 0 | |a rus | |
| 102 | |a RU | ||
| 135 | |a drcn ---uucaa | ||
| 181 | 0 | |a i | |
| 182 | 0 | |a b | |
| 200 | 1 | |a Экспериментальное исследование компонент тензорной анализирующей способности реакции γD → PPπ- |f В. В. Гаузштейн [и др.] | |
| 203 | |a Текст |c электронный | ||
| 300 | |a Заглавие с экрана | ||
| 320 | |a Библиогр.: с. 105 (19 назв.) | ||
| 330 | |a Представлены результаты одновременного измерения трех компонент тензорной анализирующей способности реакции эксклюзивного фотообразования π--мезонов на дейтронах в области энергий фотонов 300- 900 МэВ и энергий протонов 50-210 МэВ. Эксперимент был выполнен с использованием внутренней тензорно-поляризованной газовой дейтериевой мишени накопителя электронов ВЭПП-3 и метода регистрации двух протонов на совпадениях. Полученные результаты измерения сравниваются с теоретическими предсказаниями. | ||
| 461 | |t Известия вузов. Физика |o научный журнал |f Национальный исследовательский Томский государственный университет (ТГУ) |d 1957- | ||
| 463 | |t Т. 59, № 6 |v С. 100-105 |d 2016 | ||
| 610 | 1 | |a электронный ресурс | |
| 610 | 1 | |a труды учёных ТПУ | |
| 610 | 1 | |a фоторождение | |
| 610 | 1 | |a дейтроны | |
| 610 | 1 | |a сцинтилляционные детекторы | |
| 701 | 1 | |a Гаузштейн |b В. В. |c специалист в области ядерных технологий |c научный сотрудник Томского политехнического университета, кандидат физико-математических наук |f 1983- |g Вячеслав Валерьевич |3 (RuTPU)RU\TPU\pers\26564 |9 12253 | |
| 701 | 1 | |a Грамолин |b А. В. |g Александр Валерьевич | |
| 701 | 1 | |a Василишин |b Б. И. |c инженер-физик |c лаборант-исследователь Томского политехнического университета |f 1990- |g Богдан Иванович |3 (RuTPU)RU\TPU\pers\37256 |9 20215 | |
| 701 | 1 | |a Зеваков |b С. А. |g Сергей Александрович | |
| 701 | 1 | |a Логинов |b А. Ю. |c физик |c научный сотрудник Томского политехнического университета, кандидат физико-математических наук |f 1972- |g Алексей Юрьевич |3 (RuTPU)RU\TPU\pers\34938 |9 18256 | |
| 701 | 1 | |a Николенко |b Д. М. |g Дмитрий Митрофанович | |
| 701 | 1 | |a Рачек |b И. А. |g Игорь Анатольевич | |
| 701 | 1 | |a Садыков |b Р. Ш. |g Рустам Шагитович | |
| 701 | 1 | |a Топорков |b Д. К. |g Дмитрий Константинович | |
| 701 | 1 | |a Шестаков |b Ю. В. |g Юрий Владимирович | |
| 701 | 1 | |a Афанасьев |b К. В. |g Константин Вадимович | |
| 701 | 1 | |a Левчук |b М. И. |g Михаил Иванович | |
| 701 | 1 | |a Дусаев |b Р. Р. |c специалист в области ядерной физики |c инженер Томского политехнического университета |f 1988- |g Ренат Рамильевич |3 (RuTPU)RU\TPU\pers\30576 |9 14870 | |
| 712 | 0 | 2 | |a Национальный исследовательский Томский политехнический университет |b Физико-технический институт |b Кафедра высшей математики и математической физики |3 (RuTPU)RU\TPU\col\18727 |9 27176 |
| 712 | 0 | 2 | |a Национальный исследовательский Томский политехнический университет |b Физико-технический институт |b Кафедра общей физики |3 (RuTPU)RU\TPU\col\18734 |9 27183 |
| 712 | 0 | 2 | |a Национальный исследовательский Томский политехнический университет |b Физико-технический институт |b Кафедра физико-энергетических установок (№ 21) |3 (RuTPU)RU\TPU\col\18730 |9 27179 |
| 801 | 2 | |a RU |b 63413507 |c 20160913 |g RCR | |
| 856 | 4 | |u http://elibrary.ru/item.asp?id=26454870 |z http://elibrary.ru/item.asp?id=26454870 | |
| 942 | |c CF | ||